PAKISTAN THE ENIGMA OF POLITICAL DEVELOPMENT (Record no. 581279)

000 -LEADER
fixed length control field 00350nam a22001337a 4500
020 ## - INTERNATIONAL STANDARD BOOK NUMBER
International Standard Book Number 0-89158-982-1
082 ## - DEWEY DECIMAL CLASSIFICATION NUMBER
Classification number 320.95491 ZIR'P
100 ## - MAIN ENTRY--PERSONAL NAME
Personal name ZIRING, LAW
9 (RLIN) 75871
245 ## - TITLE STATEMENT
Title PAKISTAN THE ENIGMA OF POLITICAL DEVELOPMENT
260 ## - PUBLICATION, DISTRIBUTION, ETC.
Place of publication, distribution, etc. WESTVIEW
Name of publisher, distributor, etc. DAWSON
Date of publication, distribution, etc. 1980
300 ## - PHYSICAL DESCRIPTION
Extent 293P
650 ## - SUBJECT ADDED ENTRY--TOPICAL TERM
Topical term or geographic name entry element PAKISTAN POLITICS AND GOVERNMENT
9 (RLIN) 37702
942 ## - ADDED ENTRY ELEMENTS (KOHA)
Koha item type Book
Holdings
Withdrawn status Lost status Damaged status Not for loan Permanent Location Current Location Shelving location Date acquired Total Checkouts Full call number Barcode Date last seen Price effective from Koha item type
        College of Electrical & Mechanical Engineering (CEME) College of Electrical & Mechanical Engineering (CEME) General Stacks 05/24/2017   320.95491 ZIR'P CEME-12160 06/28/2021 06/28/2021 Book
© 2023 Central Library, National University of Sciences and Technology. All Rights Reserved.